000 01074cam a2200277 4500
008 000000n2002 000 0 eng u
020 _a0632058056
035 _a(Sirsi) u109849
050 _a658.1552
100 _aJaggar, D.
245 _aBuilding design cost management
260 _aOxford
_bBlackwell
_c2002
300 _axvi,202p.
_c25cm.
350 _a21.50
520 _aIntroductory text explaining the important role of design cost management at each stage of a construction project. Supported by a dedicated website the book also discusses the need for, and means of, improving communication between the parties involved in order to ensure that projects are delivered on time, on budget and are of the highest quality.
650 _aBUILT ENVIRONMENT-BUILDING COSTS
650 _aBUILT ENVIRONMENT-CONSTRUCTION DESIGN
650 _aCOST CONTROL
650 _aCost management
_96233
650 _aPROJECT COSTS
690 _aBUILT ENVIRONMENT-BUILDING COSTS
700 _aRoss, A.
700 _aSmith, J.
700 _aLove, P.
942 _n0
999 _c101012
_d101012